000
00309 a2200109 4500
001
ART_11453
005
20260410161857.0
008
260409a
245
1
0
_a
Integración latinoamericana
100
1
_a
Ferro, Gustavo
773
0
_t
Revista de Economía
_g
- Nº 67 (abr./dic. 1992)
_w
REV11077
999
_c
25590
_d
25590